00690nam a2200229Ia 450000100060000000300090000600800410001504000130005604000130006904100130008210000210009510000290011624500330014524500720017825000110025026000110026126000210027226000490029330000550034265000320039765000310042916539IT-RoPAU130308s9999 xx 000 0 und d aIT-RoPAU cIT-RoPAU aITALIANO aBellocchio Marco gCodice Aut. SPICS: 9378 aResistenza come archeologia? bTradizione e innovazione nel Cinema degli Autori Emiliano Romagnoli a1a ed. aMODENA bComune Di Modena c1976 [1° Ed.:1976 - Ed.Ling.Originale:1963] a"2 p. (prefazione: no ; testo: 2 [pagine: 70-71])" aSTORIA NAZIONALE DEL CINEMA eCodice materia Spics: 6809